书目信息 |
| 题名: |
建筑材料及非金属矿产品标准目录
|
|
| 作者: | 国家建筑材料工业局标准化研究所 编 | |
| 分册: | ||
| 出版信息: | 北京 中国标准出版社 1998.05 |
|
| 页数: | 57页 | |
| 开本: | 16开 | |
| 丛书名: | ||
| 单 册: | ||
| 中图分类: | TU504 | |
| 科图分类: | ||
| 主题词: | 建筑材料 | |
| 电子资源: | ||
| ISBN: | 7-5066-1627-0 | |
| 000 | 00690nam0 2200193 45 | |
| 001 | 0010020932 | |
| 005 | 20001002092256.0 | |
| 010 | @a7-5066-1627-0@d12.00元 | |
| 100 | @a20001002d1998 km y0chiy0120 ea | |
| 101 | 0 | @achi |
| 105 | @a z 000yy | |
| 200 | 1 | @a建筑材料及非金属矿产品标准目录@AJian Zhu Cai Liao Ji Fei Jin Shu Kuang Chan Pin BiaoZhun Mu Lu@f国家建筑材料工业局标准化研究所编@FGuo Jia Jian Zhu Cai Liao Gong Ye Ju Biao Zhun Hua Yan Jiu Suo Bian |
| 210 | @a北京@c中国标准出版社@d1998.05 | |
| 215 | @a57页@d16开 | |
| 606 | 0 | @a建筑材料 |
| 690 | @aTU504@v3 | |
| 701 | 0 | @a国家建筑材料工业局标准化研究所@4编 |
| 801 | @aCN@bPftUser@c20001002 | |
| 905 | @b161168-172@dTU504@eG:347@f5 | |
| 建筑材料及非金属矿产品标准目录/国家建筑材料工业局标准化研究所编.-北京:中国标准出版社,1998.05 |
| 57页;16开 |
| ISBN 7-5066-1627-0:12.00元 |
| ● |
| 相关链接 |
|
|
|
正题名:建筑材料及非金属矿产品标准目录
索取号:TU504/G:347
 
预约/预借
| 序号 | 登录号 | 条形码 | 馆藏地/架位号 | 状态 | 备注 |
| 1 | 161168 | 201611684 | 建筑库201/201建筑库 5排4列4层/ [索取号:TU504/G:347] | 在馆 | |
| 2 | 161169 | 201611693 | 建筑库201/201建筑库 6排4列4层/ [索取号:TU504/G:347] | 在馆 | |
| 3 | 161170 | 201611700 | 建筑库201/201建筑库 5排4列4层/ [索取号:TU504/G:347] | 在馆 | |
| 4 | 161171 | 201611719 | 建筑库201/201建筑库 5排4列4层/ [索取号:TU504/G:347] | 在馆 | |
| 5 | 161172 | 201611728 | 建筑库201/201建筑库 6排4列4层/ [索取号:TU504/G:347] | 在馆 |